Statistiques concernant đź“– 150 premiers mots"La vieille qui voulait tuer..."Monfils

Cliquez ici pour prendre le quiz!

Statistiques générales

  • Ce quiz a Ă©tĂ© pris 13 fois
  • Le rĂ©sultat moyen est 92 sur 150

Statistiques - réponses

Mots% Correct
Ă 
100%
Ce
100%
ce,
100%
end,
100%
il
100%
L'
100%
l'
100%
Pandore
100%
Plouf
100%
que
100%
s'
100%
se
100%
ses
100%
au
92%
bouiboui,
92%
d'
92%
dans
92%
de
92%
du
92%
(elle
92%
elle
92%
en
92%
et
92%
Ginette
92%
Japonais
92%
lĂ ,
92%
la
92%
le
92%
les
92%
Roger,
92%
sa
92%
sur
92%
Tous
92%
un
92%
une
92%
you
92%
avait
83%
Ă©tait
83%
femme
83%
jour-
83%
lundi
83%
samedi
83%
son
83%
vendredis,
83%
week-
83%
avoir
75%
matin.
75%
pour
75%
deux
67%
fille)
67%
eu
58%
jeune
58%
nom
58%
après-
50%
après
50%
comme
50%
fin
50%
midi
50%
very
50%
ménage
42%
soleil
42%
disait,
33%
faisait
33%
mouche",
33%
tenu
33%
"Thank
33%
touchait
33%
"closed" :
25%
'CLOSED'
25%
dos
25%
"Hello !"
25%
rayons
25%
chaleur
17%
conserver
17%
cuire
17%
English
17%
oeuf
17%
pétait
17%
raison
17%
sac
17%
accent.
8%
dehors
8%
Depuis
8%
dorés.
8%
entreprise
8%
patron,
8%
affichait
0%
appris
0%
arrĂŞta
0%
bière.
0%
boissons
0%
boulot,
0%
canettes
0%
coltinait
0%
dénoué
0%
déposer
0%
Ă©charpe
0%
égaré
0%
funèbres. ...
0%
inondait
0%
mots
0%
persuadé
0%
pitbull.
0%
pompes
0%
quartier
0%
rempli
0%
simple
0%
souffler
0%
troquet
0%
unique
0%

Distribution des résultats

Percentile par nombre de réponses

% des personnes avec chaque résultat

Votre développement - résultats

Vous n’avez pas pris ce quiz